Crossword - U.S. States - Statistics

General Stats
  • This quiz has been taken 9,906 times
    8,250 since last reset
  • The average score is 20 of 22
Answer Stats
A/D Hint Answer % Correct
10. Across Sweet Home _______ Alabama
99%
1. Across Home to the most populous U.S. city New York
98%
13. Across Everything is bigger in _____ Texas
98%
3. Across The Grand Canyon state Arizona
95%
15. Across Only non-rectangular state flag Ohio
94%
4. Across Smallest state by area Rhode Island
94%
2. Down Crater Lake National Park state Oregon
93%
3. Down Home to highest U.S. mountain Alaska
92%
18. Across Home of the _______ Keys Florida
92%
11. Across Upper and Lower Peninsulas Michigan
91%
16. Down The Mormon state Utah
91%
6. Down Home to just three counties Delaware
90%
17. Across People from here are called Hoosiers Indiana
90%
1. Down Borders Saskatchewan and Manitoba North Dakota
90%
5. Down Its capital is Columbia South Carolina
90%
9. Down State of the first nuclear weapon test New Mexico
89%
12. Down Home to O'Hare and Midway airports Illinois
88%
7. Down State flag is patterned after French flag Iowa
87%
11. Down Also one of the longest rivers in the U.S. Missouri
85%
Mystery State Georgia
83%
14. Down Its largest city is Wichita Kansas
82%
8. Down Walmart has its headquarters here Arkansas
80%
No matching quizzes found
Score Distribution
Percent of People with Each Score
Percentile by Number Answered
Your Score History
You have not taken this quiz since the last reset